000 00650nam a22002177a 4500
003 BD-ChCU
005 20251118123740.0
008 251118b uk ||||| |||| 00| 0 eng d
020 _a9781337276108
040 _cBD-ChCU
082 _223
_a551.5 A287m
100 _aAhrens, C. Donald
_916373
245 _aEssentials of meterology : an invitation to the atmosphere /
_cC. Donald Ahrens and Robert Henson
250 _a8th ed.
260 _aUK :
_bcengage Learning,
_cc2018
300 _a509p.
505 _aIncludes index & Glossary
650 0 _aMeteorology
_916376
700 _aHenson, Robert
_eJt. Author
_916377
942 _2ddc
_cBK
_n0
999 _c109560
_d109560